00787nam a2200205 a 450000100100000000500170001000800410002702000150006804000250008308200130010810000300012124500630015126000510021430000280026550000220029304900090031595201170032495201230044199900170056400002406620200930022705.0110118s1985 xxu 000 0 eng d a0256032203 aDO-SdBNPbengcBNPHU ann*bnn*1 aReynolds, Lloyd G.94944610aMicro economics :banalysis & policy /cLloyd G. Reynolds. aHomewood, Illinois :bRichard D. Irwin,c1985. a448 p. :bil. ;c23 cm. aIncluye índice. aBNGR 001054708MOaGRbGRcCTd2011-01-18iLF1l0onn* nn*p24066-10r2020-06-25w2020-06-25y4ZPréstamo en sala 001054728MOaGRbGRcCTd2011-01-18iLF1l0onn* nn*p24066-20r2020-06-25te. 2w2020-06-25y4ZPréstamo en sala c23561d23561